Größte deutsche Städte nach Buchstabe - L - Statistiken

Allgemein
  • Dieses Quiz wurde 2.425 mal gespielt
    1.230 seit der letzten Aktualisierung
  • Das Durchschnittsergebnis liegt bei 10 aus 21
Antwortstatistiken
Land Einwohner Stadt % Korrekt
Sachsen 619.879 Leipzig
98%
Schleswig-Holstein 219.044 Lübeck
92%
Rheinland-Pfalz 176.110 Ludwigshafen
81%
Baden-Württemberg 94.859 Ludwigsburg
70%
NRW 166.414 Leverkusen
69%
Niedersachsen 77.511 Lüneburg
67%
Bayern 75.272 Landshut
53%
Niedersachsen 57.075 Lingen
48%
Rheinland-Pfalz 48.341 Landau in der Pfalz
47%
NRW 69.047 Lippstadt
44%
Baden-Württemberg 50.670 Lörrach
42%
NRW 71.463 Lüdenscheid
42%
NRW 87.266 Lünen
41%
Baden-Württemberg 49.420 Lahr
32%
Niedersachsen 55.746 Langenhagen
29%
NRW 40.531 Lemgo
28%
Baden-Württemberg 49.845 Leonberg
26%
Niedersachsen 45.097 Lehrte
25%
NRW 59.908 Langenfeld
23%
Niedersachsen 42.560 Laatzen
21%
Baden-Württemberg 40.526 Leinfelden-Echterdingen
20%
Keine übereinstimmenden Quizze gefunden
Verteilung der Resultate
Anzahl Personen mit jedem Resultat
Perzentil nach korrekt beantworteten Fragen
Ihre Resultats-Entwicklung
Sie haben dieses Quiz seit der letzten Aktualisierung nicht gespielt